Financiamiento y administración de empresas /

Guardado en:
Autor Principal: Gerstenberg, Charles W. 1882-1948.
Formato: Libro
Idioma:Spanish
Publicado: México : Compañia Editorial Continental, 1964.
Edición:1a. ed. en español.
Materias:
Etiquetas: Agregar Etiqueta
Sin Etiquetas, Sea el primero en etiquetar este registro!
LEADER 00737nam a22001815 4500
001 EAD.ead003708
008 080718s1964####mx#######b####001#0#spa#d
005 20141002113750.0
245 1 0 |a Financiamiento y administración de empresas /  |c por Charles W. Gerstenberg. 
250 |a 1a. ed. en español. 
260 |a México :  |b Compañia Editorial Continental,  |c 1964. 
300 |a 770 p. ;  |c 23 cm. 
504 |a Incluye referencias bibliográficas e índice. 
500 |a Traducción de: Financial organization and management of business. 
100 1 |a Gerstenberg, Charles W.  |q (Charles William),  |d 1882-1948. 
082 0 4 |a 658.15  |2 21 
650 7 |a Administración financiera.  |2 unbist 
859 |a AR-BaBDC  |b BIB. ADMINISTRACION - Libros  |h 658.15  |i G325  |p b00206